000 01140naa a22003017a 4500
001 BR7804847
003 BR-BrBNA
005 20250714162943.0
007 ta
008 250630b bl.|||m| |||| 00| 0 por d
040 _aBR-BrBNA
_bpor
_cBiblioteca Nacional de Agricultura
041 _a(Pt)
072 _aE50; C00
_b/G514
090 _aE50 BR7804847
100 1 _aSouto, C.
111 1 _a2. Encontro Inter-Regional de Cientistas Sociais do Brasil
_cMaceio, AL (Brazil)
_d9 Jul 1975
245 1 _aA sociologia do direito no Brasil
500 _aAnais do 2. Encontro Inter-Regional de Cientistas Sociais do Brasil Recife, PE (Brasil): 1978. p. 105-118 (BR7804847-AMS)
773 0 _tAnais do 2. Encontro Inter-Regional de Cientistas Sociais do Brasil
_wE50 BR7804847
_gRecife, PE (Brasil), 1978. p. 105-118
650 _aSociologia rural
650 _aEducacao
650 _aProjeto de pesquisa
650 _aPesquisa social
650 _aUniversidade
490 _aSerie Cursos e Conferencias - Instituto Joaquim Nabuco de Pesquisas Sociais (Brazil)
_vno. 5
942 _cAMS
_2AGRIS
909 _a202506
_bLúcia
_c55
_dLúcia Elande
999 _c333102
_d333102